| 000 | 00754nam a2200229Ia 4500 | ||
|---|---|---|---|
| 003 | GCL | ||
| 008 | 140319s9999 xx 000 0 ara d | ||
| 040 |
_aGCL / _cGCL |
||
| 082 | 0 | 4 |
_aق _b953.7393 _bس ح |
| 100 | 1 | _aسميث، جوناثان ويلى | |
| 245 | 1 | 0 |
_aرةرملة الصليبية الاولى وفكرة الحروب الصليبية / _cسميث، جوناثان ويلى |
| 700 | 1 | _aمحمد فتحى الشاعر | |
| 260 |
_a[S.N] : _bالهيئة المصرية العامة للكتاب ، _c1993 |
||
| 490 | _a | ||
| 650 | 0 | 4 | _aمصر |
| 650 | 0 | 4 | _aتاريخ |
| 650 | 0 | 4 | _aالحروب الصليبية |
| 650 | 0 | 4 | _aفلسطين |
| 650 | 0 | 4 | _aالشام |
| 650 | 0 | 4 | _aالدولة الايوبية |
| 942 |
_2ddc _cBK |
||
| 999 |
_c52954 _d52954 |
||